Statistics for Guess the artist by the song #2

Click here to take the quiz!

General Stats

  • This quiz has been taken 51 times
  • The average score is 8 of 15

Answer Stats

SongArtist% Correct
HappyPharrell Williams
77%
Call Me MaybeCarly Rae Jepsen
73%
Lazy SongBruno Mars
69%
Gangnam StylePSY
69%
Barbie GirlAqua
67%
Best Song EverOne Direction
65%
Dear Future HusbandMeghan Trainor
63%
SugarMaroon 5
58%
Black MagicLittle Mix
52%
DDU-DU DDU-DUBLACKPINK
38%
GirlfriendAvril Lavigne
35%
Nothing Breaks Like A HeartMark Ronson
33%
FeelsCalvin Harris
31%
DNABTS
29%
PapiJennifer Lopez
19%

Score Distribution

Percentile by Number Answered

Percent of People with Each Score

Your Score History

You have not taken this quiz